Čo priniesla novela zákona o daniach z príjmov č. 397/1998 Z.z.

Významné zmeny zákona č. 286/1992 Zb. o daniach z príjmov, ktoré prináša zákon č. 397/1998 Z.z. Informácie o presnom znení novelizovaných ustanovení zákona, ako aj o obsahu Usmernenia k zákonu č. 397/1998 Z.z., ktoré vydalo Ministerstvo financií SR.

Salvato in:
Dettagli Bibliografici
Autore principale: Schultzová, Anna
Natura: Capitolo di libro
Lingua:slovacco
Soggetti:
Tags: Aggiungi Tag
Nessun Tag, puoi essere il primo ad aggiungerne!!

MARC

LEADER 00000naa a2200000 4500
001 r034563
005 20230809075009.9
041 0 |a slo 
044 |a SK 
245 1 0 |a Čo priniesla novela zákona o daniach z príjmov č. 397/1998 Z.z.  |c Anna Schultzová 
520 |a Významné zmeny zákona č. 286/1992 Zb. o daniach z príjmov, ktoré prináša zákon č. 397/1998 Z.z. Informácie o presnom znení novelizovaných ustanovení zákona, ako aj o obsahu Usmernenia k zákonu č. 397/1998 Z.z., ktoré vydalo Ministerstvo financií SR. 
610 2 0 |a dane z príjmov 
610 2 0 |a zákony 
610 2 0 |a Slovensko 
610 2 0 |a MF SR Bratislava 
610 2 0 |a novelizácia 
610 2 0 |a komentáre 
610 2 0 |a 1998 
100 1 |a Schultzová, Anna